Bruno Dumons et Frédéric Gugelot (dir.). Catholicisme et identité. Regards croisés sur le catholicisme français contemporain (1980-2017). Paris, Karthala, 2017, 332 pages (notice n° 1619748)
[ vue normale ]
| 000 -LEADER | |
|---|---|
| fixed length control field | 01860cam a2200169 4500500 |
| 005 - DATE AND TIME OF LATEST TRANSACTION | |
| control field | 20260111090826.0 |
| 041 ## - LANGUAGE CODE | |
| Language code of text/sound track or separate title | fre |
| 042 ## - AUTHENTICATION CODE | |
| Authentication code | dc |
| 100 10 - MAIN ENTRY--PERSONAL NAME | |
| Personal name | Prudhomme, Claude |
| Relator term | author |
| 245 00 - TITLE STATEMENT | |
| Title | Bruno Dumons et Frédéric Gugelot (dir.). Catholicisme et identité. Regards croisés sur le catholicisme français contemporain (1980-2017). Paris, Karthala, 2017, 332 pages |
| 260 ## - PUBLICATION, DISTRIBUTION, ETC. | |
| Date of publication, distribution, etc. | 2018.<br/> |
| 500 ## - GENERAL NOTE | |
| General note | 84 |
| 520 ## - SUMMARY, ETC. | |
| Summary, etc. | En 1817 puis en 1821, les autorités épiscopales du diocèse de Besançon commanditent une enquête sur l’ensemble du clergé paroissial : âge, carrière, mœurs, capacité, opinions politiques, rapports avec les paroissiens… Le nouvel archevêque tient à tout savoir du personnel ecclésiastique. Mais l’enquête est surtout le préalable à une vaste épuration : la chasse aux « mauvais prêtres » sert de prétexte à exclure les prêtres restés fidèles à leur(s) convictions(s) révolutionnaire(s) et à promouvoir une génération sacerdotale acquise aux principes intransigeants. |
| 520 ## - SUMMARY, ETC. | |
| Summary, etc. | In 1817 and again in 1821, the episcopal authorities of the diocese of Besançon commissioned an inquiry into the whole parish clergy : age, career, manners, capacity, political opinions, and relations with parishioners … The new archbishop wants to know everything about his ecclesiastical staff. But the inquiry is above all the prerequisite for a vast purification : the hunt for “bad priests” serves as a pretext to exclude priests who have remained faithful to their revolutionary convictions and to promote a new priestly generation of principles intransigent. |
| 786 0# - DATA SOURCE ENTRY | |
| Note | Histoire, monde et cultures religieuses | 42 | 2 | 2018-01-09 | p. 170d-171d | 2267-7313 |
| 856 41 - ELECTRONIC LOCATION AND ACCESS | |
| Uniform Resource Identifier | <a href="https://shs.cairn.info/revue-histoire-monde-et-cultures-religieuses-2017-2-page-170d?lang=fr&redirect-ssocas=7080">https://shs.cairn.info/revue-histoire-monde-et-cultures-religieuses-2017-2-page-170d?lang=fr&redirect-ssocas=7080</a> |
Pas d'exemplaire disponible.




Réseaux sociaux